[Event "Odense"]
[Site "Odense"]
[Date "1993.??.??"]
[Round "4"]
[White "Meyer, Lars A"]
[Black "Hansen, Morten"]
[Result "1-0"]
[WhiteElo "2345"]
[BlackElo "2010"]

1.d4 e6 2.c4 Nf6 3.Nf3 Bb4+ 4.Bd2 a5 5.g3 d6 6.Bg2 Nbd7 7.O-O e5 8.a3 Bxd2
9.Qxd2 O-O 10.Nc3 Re8 11.e3 c6 12.Qc2 Nf8 13.dxe5 dxe5 14.Na4 Bg4 15.Nd2 N8d7
16.h3 Bh5 17.b4 axb4 18.axb4 Qe7 19.c5 Be2 20.Rfe1 Bb5 21.Nc3 Rxa1 22.Rxa1 Ba6
23.Nde4 Ra8 24.Nd6 Ne8 25.Nxe8 Qxe8 26.Ne4 Qe7 27.Bf1 Nf6 28.Bxa6 bxa6 29.Nxf6+ gxf6
30.Qe4 Qe6 31.b5 f5 32.Qg2 e4 33.Rxa6 Rb8 34.Rxc6 Qd5 35.Qf1 Qb3 36.Rb6 Rd8
37.Rd6 Rc8 38.c6 Qc3 39.Qd1 Qc5 40.Rd8+ Rxd8 41.Qxd8+ Kg7 42.Qd4+  1-0

[Event "Osijek"]
[Site "Osijek"]
[Date "1993.??.??"]
[Round "3"]
[White "Horvath, Csaba"]
[Black "Dizdar, Goran"]
[Result "1-0"]
[WhiteElo "2495"]
[BlackElo "2495"]

1.d4 Nf6 2.c4 e6 3.Nf3 Bb4+ 4.Bd2 c5 5.Bxb4 cxb4 6.Nbd2 O-O 7.g3 d6 8.Bg2 Nc6
9.Qb3 a5 10.O-O Qb6 11.Qd3 Re8 12.Rfd1 h6 13.a4 Qa6 14.Rac1 Bd7 15.b3 Rad8
16.h3 e5 17.e4 b6 18.Nf1 Qc8 19.Kh2 Nb8 20.Ne3 Bc6 21.Nd5 Bxd5 22.cxd5 Qb7
23.dxe5 dxe5 24.Nd2 Nfd7 25.Qb5 Na6 26.Rc6 Nc7 27.Qc4 Nc5 28.Qc2 N7e6 29.Nf3 Ng5
30.Nd2 Nge6 31.Nc4 Nd4 32.Rxd4 exd4 33.Nxb6 Nd7 34.Nc4 d3 35.Qxd3 Nb8 36.Rc5 Qa7
37.Qe3 Qe7 38.Rxa5 Rc8 39.Ra7 Qd8 40.Qf4 f6  1-0

[Event "Ostrava"]
[Site "Ostrava"]
[Date "1993.??.??"]
[Round "?"]
[White "Vokac, Marek"]
[Black "Gipslis, Aivars"]
[Result "1/2-1/2"]
[WhiteElo "2465"]
[BlackElo "2505"]

1.d4 Nf6 2.c4 e6 3.Nf3 Bb4+ 4.Bd2 Qe7 5.g3 Nc6 6.Bg2 Bxd2+ 7.Nbxd2 d6 8.O-O a5
9.e4 O-O 10.d5 Nb8 11.Ne1 e5 12.Nd3 Na6 13.Nb1 Bg4 14.Qd2 Nc5 15.Nxc5 dxc5
16.Nc3 Ne8 17.f4 Bd7 18.f5 a4 19.Rf2 f6 20.Bf1 Nd6 21.Bd3 Rfb8 22.Rc1 b5
23.Nxb5 Nxb5 24.cxb5 Bxb5 25.Bxb5 Rxb5 26.Rc4 Qd6 27.Qc2 Rb4 28.Rxb4 cxb4
29.Kg2 Qb6 30.Qc4 Kf8 31.Rc2 b3 32.axb3 axb3 33.Rc3 Ra2 34.Rxb3 Rxb2+ 35.Rxb2 Qxb2+
36.Kh3 Qb6 37.Qa4 Qe3 38.Qd7 Qh6+ 39.Kg4 Qxh2 40.Qd8+ Kf7 41.Qxc7+ Kf8 42.Qb8+ Kf7
43.Qb7+ Kf8 44.Qb4+ Kf7 45.Kf3 Qh1+ 46.Ke3 Qg1+ 47.Kd3 Qxg3+ 48.Kc4 Qe3 49.Qb7+ Ke8
50.Qc8+ Ke7 51.Qc7+ Ke8 52.Qc6+ Kd8 53.Qd6+ Ke8 54.Qe6+ Kf8 55.Kb5 Qxe4 56.Qc8+ Kf7
57.Qc7+ Ke8 58.Qc8+ Kf7 59.Qc7+ Ke8 60.Qc8+  1/2-1/2

[Event "Oviedo rapid"]
[Site "Oviedo"]
[Date "1993.??.??"]
[Round "5"]
[White "Timman, Jan H"]
[Black "Djuric, Stefan"]
[Result "1-0"]
[WhiteElo "2620"]
[BlackElo "2495"]

1.d4 Nf6 2.c4 e6 3.Nf3 Bb4+ 4.Bd2 Qe7 5.g3 Nc6 6.Nc3 O-O 7.Bg2 d6 8.O-O a5
9.Rc1 Bxc3 10.Bxc3 e5 11.d5 Nb4 12.Ra1 Bd7 13.a3 Na6 14.Bxa5 Nc5 15.Bb4 Ba4
16.Qe1 Nb3 17.Rb1 e4 18.Nd2 e3 19.Nxb3 Bxb3 20.Qc3 exf2+ 21.Rxf2 Ba4 22.Qd4 Bc2
23.Rc1 Be4 24.Bh3 Rfe8 25.Rcf1 c5 26.dxc6 Bxc6 27.Bc3 Qe5 28.Bg2 Qxd4 29.Bxd4 Bxg2
30.Kxg2 Ra4 31.Bxf6 gxf6 32.Rd1 Re6 33.Rc1 Kg7 34.Rc2 Re5 35.Rf4 Rc5 36.Rc3 Re5
37.Kf2 f5 38.Rb3 Ra8 39.Rxb7 Rae8 40.e4 Rxe4 41.Rxe4 Rxe4 42.b3 f4 43.a4 Rd4
44.Ke2 Re4+ 45.Kf3 fxg3 46.hxg3 Re1 47.Rb6 Rf1+ 48.Ke2 Rg1 49.Kf2 Rb1 50.a5 Ra1
51.a6 Ra3  1-0

[Event "Oviedo rapid"]
[Site "Oviedo"]
[Date "1993.??.??"]
[Round "5"]
[White "Moulain, Jean Pierre"]
[Black "Garcia Palermo, Carlos"]
[Result "0-1"]
[WhiteElo "2220"]
[BlackElo "2455"]

1.d4 Nf6 2.c4 e6 3.Nf3 Bb4+ 4.Bd2 Qe7 5.Nc3 O-O 6.g3 b6 7.Bg2 Bb7 8.O-O d6
9.Qc2 Bxc3 10.Bxc3 Be4 11.Qc1 Nbd7 12.Qe3 a6 13.h3 b5 14.b3 bxc4 15.bxc4 Nb6
16.Nd2 Bxg2 17.Kxg2 Qd7 18.d5 Nxc4 19.Nxc4 Nxd5 20.Qd4 Nxc3 21.Qxc3 Qc6+
22.e4 d5 23.Rac1 dxc4 24.Qxc4 Qxc4 25.Rxc4 Ra7 26.Rd1 Rc8 27.f4 Kf8 28.Rc6 Rb8
29.Rc2 Rb4 30.Kf3 Ra4 31.Rd7 h5 32.e5 g6 33.g4 Ra3+ 34.Kg2 h4 35.f5 gxf5
36.gxf5 exf5 37.e6 fxe6 38.Rb2 Ra8 39.Rxc7 Rg3+ 40.Kf2 Rg7 41.Rbb7 Rxc7 42.Rxc7 Rb8
43.Ke3 Rb4 44.Kd3 Ra4 45.Rh7 Rxa2 46.Kd4 Re2 47.Kc5 Re4 48.Kd6 a5 49.Rc7 a4
50.Ra7 f4 51.Rc7 a3 52.Rc2  0-1

[Event "Pardubice op"]
[Site "Pardubice"]
[Date "1993.??.??"]
[Round "8"]
[White "Tunik, Gennady"]
[Black "Hracek, Zbynek"]
[Result "1/2-1/2"]
[WhiteElo "2490"]
[BlackElo "2510"]

1.d4 Nf6 2.c4 e6 3.Nf3 Bb4+ 4.Bd2 Qe7 5.g3 Nc6 6.Nc3 Bxc3 7.Bxc3 Ne4 8.Rc1 d6
9.d5 Nxc3 10.Rxc3 Nb8 11.dxe6 fxe6 12.Bg2 O-O 13.O-O Nd7 14.b4 a5  1/2-1/2

[Event "Paris-ch"]
[Site "Paris"]
[Date "1993.??.??"]
[Round "1"]
[White "Shabtai, Ran"]
[Black "Wallyn, Alexandre"]
[Result "1-0"]
[WhiteElo "2370"]
[BlackElo "2245"]

1.d4 Nf6 2.c4 e6 3.Nf3 Bb4+ 4.Bd2 c5 5.Bxb4 cxb4 6.g3 a5 7.a3 Na6 8.Bg2 O-O
9.O-O d6 10.axb4 Nxb4 11.Nc3 Qe7 12.e4 e5 13.Nd5 Nfxd5 14.cxd5 b6 15.Qd2 Ba6
16.Rfc1 f5 17.dxe5 fxe4 18.exd6 Qxd6 19.Ng5 Nd3 20.Nxe4 Qe5 21.Rc3 Nb4 22.f4 Qh5
23.Qd4 Kh8 24.Ng5 Rac8 25.Ne6 Rg8 26.Rac1 Rxc3 27.Rxc3 Qe2 28.h3 Qxb2 29.Nxg7 Qb1+
30.Kh2 Rxg7 31.d6 Kg8 32.d7 Rxd7 33.Qxd7  1-0

[Event "Paris-ch"]
[Site "Paris"]
[Date "1993.??.??"]
[Round "6"]
[White "Naumkin, Igor"]
[Black "Verat, Laurent"]
[Result "1-0"]
[WhiteElo "2460"]
[BlackElo "2285"]

1.d4 Nf6 2.c4 e6 3.Nf3 Bb4+ 4.Bd2 c5 5.Bxb4 cxb4 6.e3 b6 7.Bd3 Bb7 8.Nbd2 O-O
9.O-O d6 10.Qb3 a5 11.a3 Na6 12.Rad1 Qc7 13.Bb1 e5 14.Ng5 Rfe8 15.Qc2 exd4
16.Nxh7 Ne4 17.exd4 Kxh7 18.f3 f5 19.fxe4 fxe4 20.d5 Nc5 21.axb4 axb4 22.Rde1 b3
23.Nxb3 Kg8 24.Nxc5 Qxc5+ 25.Kh1 Qd4 26.Rxe4 Rxe4 27.Qxe4 Qxe4 28.Bxe4 Rc8
29.b3 b5 30.Rf4 bxc4 31.bxc4 Ba6 32.Bd3 Rc7 33.h4 Rf7 34.Re4 Rf6 35.Re8+ Rf8
36.Rxf8+ Kxf8 37.Kh2 Kf7 38.Kg3 Kf6 39.Kf4 Bc8 40.g4 Bd7 41.g5+ Kf7 42.h5 Bc8
43.Ke3 Ke7 44.Kd4 Bg4 45.h6 gxh6 46.gxh6 Kf6 47.Kc3  1-0

[Event "Paris-ch"]
[Site "Paris"]
[Date "1993.??.??"]
[Round "9"]
[White "Naumkin, Igor"]
[Black "Nikcevic, Nebojsa"]
[Result "1/2-1/2"]
[WhiteElo "2460"]
[BlackElo "2395"]

1.d4 Nf6 2.c4 e6 3.Nf3 Bb4+ 4.Bd2 O-O 5.Nc3 d5 6.e3 Qe7 7.a3 Rd8 8.Qc2 c5
9.cxd5 exd5 10.Be2 Nc6 11.Rd1  1/2-1/2

[Event "RUS-chT"]
[Site "Podolsk"]
[Date "1993.??.??"]
[Round "?"]
[White "Polovodin, Igor A"]
[Black "Lisenko, Alexander V"]
[Result "1/2-1/2"]
[WhiteElo "2445"]
[BlackElo "2400"]

1.d4 Nf6 2.c4 e6 3.Nf3 Bb4+ 4.Bd2 Qe7 5.Nc3 b6 6.g3 Bb7 7.Bg2 Ne4 8.Nxe4 Bxe4
9.O-O Bxd2 10.Qxd2 d6 11.b4 Nd7 12.c5 O-O 13.Rfc1 Nf6 14.Ne1 Bxg2 15.Nxg2 dxc5
16.dxc5 Rfd8 17.Qb2 Rd5 18.Ne3 Rh5 19.cxb6 cxb6 20.Rc4 Nd5 21.Rac1 Rd8 22.Ng2 b5
23.Rc8 Nb6 24.R8c7 Qd6 25.Nf4 Rf5 26.Rxa7 Nc4 27.Qc3 Qb6 28.Ra5 Nxa5 29.bxa5 Qd6  1/2-1/2

[Event "Polanica Zdroj op"]
[Site "Polanica Zdroj"]
[Date "1993.??.??"]
[Round "3"]
[White "Sergeev, Vladimir"]
[Black "Kislov, Mikhail"]
[Result "1/2-1/2"]
[WhiteElo "2405"]
[BlackElo "2370"]

1.d4 Nf6 2.c4 e6 3.Nf3 Bb4+ 4.Bd2 a5 5.g3 Qe7 6.Bg2 Nc6 7.O-O Bxd2 8.Qxd2 d6
9.Nc3 O-O 10.e4 e5 11.h3 Bd7 12.Rad1 Rfe8 13.Rfe1 Nxd4 14.Nxd4 exd4 15.Qxd4 Qe5
16.Qe3 Bc6  1/2-1/2

[Event "Policka"]
[Site "Policka"]
[Date "1993.??.??"]
[Round "1"]
[White "Mozny, Milos"]
[Black "Stajcic, Nikola"]
[Result "1-0"]
[WhiteElo "2395"]
[BlackElo "2350"]

1.d4 Nf6 2.c4 e6 3.Nf3 Bb4+ 4.Bd2 Qe7 5.g3 Nc6 6.Nc3 Bxc3 7.Bxc3 Ne4 8.Rc1 Nxc3
9.Rxc3 d6 10.Bg2 a5 11.O-O O-O 12.a3 a4 13.d5 Nd8 14.Qc2 Ra5 15.e4 e5 16.Ne1 c5
17.f4 f6 18.Nf3 Nf7 19.b4 axb3 20.Rxb3 Qe8 21.Rfb1 Bd7 22.Rxb7 Rxa3 23.Qb2 Ra4
24.fxe5 Nxe5 25.Nxe5 fxe5 26.Qb6 Bc8 27.Rb8 Qg6 28.Rf1 Qe8 29.Qxd6 Rxf1+
30.Bxf1  1-0

[Event "Policka"]
[Site "Policka"]
[Date "1993.??.??"]
[Round "2"]
[White "Stajcic, Nikola"]
[Black "Vasilchenko, Oleg"]
[Result "1-0"]
[WhiteElo "2350"]
[BlackElo "2425"]

1.d4 Nf6 2.c4 e6 3.Nf3 Bb4+ 4.Bd2 Qe7 5.g3 Nc6 6.Bg2 Bxd2+ 7.Nbxd2 d6 8.O-O a5
9.e4 e5 10.d5 Nb8 11.b3 Bg4 12.a3 O-O 13.b4 Nbd7 14.Qc2 Bxf3 15.Bxf3 Rfc8
16.Rfc1 c5 17.dxc6 Rxc6 18.Qd3 Qe6 19.Bd1 Rac8 20.Ba4 R6c7 21.Kg2 Qe7 22.Nb3 axb4
23.axb4 g6 24.Bb5 Nb6 25.Na5 d5 26.exd5 Nbxd5 27.cxd5 Rxc1 28.Rxc1 Rxc1 29.d6 Qd8
30.Nxb7 Qa8 31.Qf3 Kg7 32.d7 e4 33.Qe3 Rd1 34.d8=Q Rxd8 35.Nxd8 Qxd8 36.Bc6 Qd6
37.b5 h5 38.Bxe4 Qb4 39.Bc6 Ng4 40.Qe2 Qd4 41.h3 Ne5 42.Qe4 Qc3 43.Bd5 f5
44.Qe3 Qc7 45.b6 Qd6 46.Qd4 Kh7  1-0

[Event "Vidmar mem"]
[Site "Portoroz"]
[Date "1993.??.??"]
[Round "?"]
[White "Farago, Ivan"]
[Black "Gostisa, Leon"]
[Result "1-0"]
[WhiteElo "2510"]
[BlackElo "2470"]

1.d4 Nf6 2.c4 e6 3.Nf3 Bb4+ 4.Bd2 c5 5.Bxb4 cxb4 6.g3 O-O 7.Bg2 d6 8.O-O Re8
9.Qb3 Nc6 10.d5 Na5 11.Qxb4 exd5 12.cxd5 Nxd5 13.Qd2 Nf6 14.Nc3 Nc4 15.Qd4 d5
16.b3 Na5 17.Rfd1 Nc6 18.Qc5 Be6 19.Nd4 Rc8 20.Nxc6 Rxc6 21.Qd4 Qe7 22.e3 Rc5
23.Na4 Ra5 24.Rdc1 b6 25.Nc3 Rc5 26.b4 Rc4 27.Nxd5 Rxc1+ 28.Rxc1 Bxd5 29.Bxd5 Nxd5
30.Qxd5 Rd8 31.Qc4 h6 32.a3 Qe5 33.Qa6 Rd2 34.Qb7 Qf6 35.Rf1 a5 36.bxa5 bxa5
37.Qa8+ Qd8 38.Qxd8+ Rxd8 39.Rc1 Rd3 40.a4 Ra3 41.Rc4 g6 42.g4 Kg7 43.Kg2 g5
44.h4 Kf6 45.Rc6+  1-0

[Event "Protvino zt"]
[Site "Protvino"]
[Date "1993.??.??"]
[Round "?"]
[White "Lputian, Smbat G"]
[Black "Supatashvili, Khvicha"]
[Result "1-0"]
[WhiteElo "2610"]
[BlackElo "2450"]

1.d4 e6 2.c4 Nf6 3.Nf3 Bb4+ 4.Bd2 Qe7 5.g3 O-O 6.Nc3 b6 7.Bg2 Bb7 8.O-O d6
9.d5 Bxc3 10.Bxc3 Ne4 11.Rc1 Nxc3 12.Rxc3 e5 13.Nd2 Nd7 14.f4 exf4 15.gxf4 f5
16.e4 Nc5 17.exf5 Qf6 18.Nf3 Bc8 19.Qd4 Bxf5 20.Re3 a5 21.b3 g6 22.Rfe1 Bg4
23.Qxf6 Rxf6 24.Ng5 h6 25.Ne6 Nxe6 26.dxe6 Re8 27.Rc3 Bxe6 28.Rce3 Kf8 29.Bc6 Re7
30.Bd5 Kf7 31.Re4 Re8 32.h4 h5 33.Kh2 Re7 34.Kg3 Re8 35.R4e3 Re7 36.f5 gxf5
37.Kf4 c6 38.Bxc6 Rg6 39.Bf3 Kf6 40.R3e2 Rgg7 41.Rd1 Rd7 42.Red2 Ke7 43.Bxh5 Rd8
44.Bf3 Rh7 45.h5 Bf7 46.Rh1 Rdh8 47.Re2+ Kf6 48.Rd1 Rd8 49.Rh2 Rh6 50.Rg2 a4
51.Rg5 Be6  1-0

[Event "Protvino zt"]
[Site "Protvino"]
[Date "1993.??.??"]
[Round "?"]
[White "Danielian, Oganes"]
[Black "Supatashvili, Khvicha"]
[Result "1/2-1/2"]
[WhiteElo "2440"]
[BlackElo "2450"]

1.d4 e6 2.Nf3 Nf6 3.c4 Bb4+ 4.Bd2 Qe7 5.g3 Bxd2+ 6.Qxd2 Ne4 7.Qc2 f5 8.Bg2 O-O
9.O-O d6 10.Nbd2 Nxd2 11.Nxd2 e5 12.e3 Nd7 13.b4 Nf6 14.Qc3 e4 15.f4 c6 16.a4 Be6
17.Rfc1 Qf7 18.c5 a5 19.bxa5 dxc5 20.Qxc5 Rfd8 21.Bf1 Rd5 22.Qb4 Rdxa5 23.Nc4 Bxc4
24.Bxc4 Nd5 25.Bxd5 cxd5 26.Rc5 Rxc5 27.dxc5 h5 28.Qd4 h4 29.gxh4 Kh7 30.Ra2 Ra6
31.Rg2 Qd7 32.Kf2 Rxa4 33.Rxg7+ Qxg7 34.Qxa4 Qb2+ 35.Kg3 Qb1 36.Kg2 Qb2+
37.Kh3 Qg7 38.Qd1 Kh6 39.h5 Qg8 40.Qe2 Qg1 41.Kh4 Qg7 42.Kh3 Qg1 43.Kh4 Qg7
44.Kh3 Qc3 45.Kg2 Qc4  1/2-1/2

[Event "Ptuj"]
[Site "Ptuj"]
[Date "1993.??.??"]
[Round "?"]
[White "Zheliandinov, Viktor"]
[Black "Petrosian, Arshak B"]
[Result "0-1"]
[WhiteElo "2390"]
[BlackElo "2485"]

1.d4 Nf6 2.c4 e6 3.Nf3 Bb4+ 4.Bd2 Qe7 5.Qc2 Bxd2+ 6.Nbxd2 d6 7.e4 e5 8.d5 O-O
9.Be2 a5 10.O-O Na6 11.g3 c6 12.dxc6 bxc6 13.Nh4 Nc5 14.Rfe1 g6 15.Bf1 Ne6
16.Ndf3 c5 17.Rad1 Bb7 18.Bh3 Nd4 19.Nxd4 cxd4 20.f3 Nd7 21.Bxd7 Qxd7 22.f4 Rfc8
23.f5 g5 24.Nf3 f6 25.Qe2 Bc6 26.Nd2 Rcb8 27.Rb1 Rb7 28.b3 Qd8 29.h4 h6 30.Kf2 Rh7
31.Rh1 Raa7 32.Rh2 Qb6 33.Rbh1 Be8 34.hxg5 hxg5 35.Ke1 Qb4 36.Rh6 Qc3 37.Qh2 Rxh6
38.Qxh6 Rg7 39.Qh8+ Kf7 40.Rh7 Rxh7 41.Qxh7+ Kf8 42.Qh8+ Ke7 43.Qh2 d3  0-1

[Event "CRO-Cup"]
[Site "Pula"]
[Date "1993.??.??"]
[Round "6"]
[White "Cvitan, Ognjen"]
[Black "Lovric, Branko"]
[Result "1-0"]
[WhiteElo "2575"]
[BlackElo "2275"]

1.d4 e6 2.Nf3 Nf6 3.c4 Bb4+ 4.Bd2 Qe7 5.g3 Ne4 6.Bg2 Nxd2 7.Nbxd2 Bxd2+ 8.Qxd2 d6
9.Qc3 O-O 10.O-O a5 11.e4 Nd7 12.Rfe1 e5 13.Rad1 Re8 14.Bh3 b6 15.b3 Nf8
16.Bxc8 Raxc8 17.a3 c5 18.d5 Qd7 19.Rb1 Qh3 20.Nd2 Ng6 21.Qf3 Qd7 22.Qf5 Nf8
23.Rb2 g6 24.Qxd7 Nxd7 25.Nb1 Kf8 26.Nc3 Ke7 27.f4 exf4 28.gxf4 g5 29.e5 gxf4
30.exd6+ Kf6 31.Rbe2 Rxe2 32.Rxe2 Ne5 33.Ne4+ Kf5 34.d7 Rg8+ 35.Kf2 Ng4+
36.Ke1 Ne3 37.Nd6+ Kf6 38.Nb7 Ke7  1-0

[Event "Purmerend"]
[Site "Purmerend"]
[Date "1993.??.??"]
[Round "7"]
[White "Stern, Rene"]
[Black "Klarenbeek, Hans"]
[Result "1/2-1/2"]
[WhiteElo "2345"]
[BlackElo "2415"]

1.d4 Nf6 2.c4 e6 3.Nf3 Bb4+ 4.Bd2 Qe7 5.g3 Nc6 6.Bg2 Bxd2+ 7.Nbxd2 d6 8.O-O a5
9.e4 e5 10.d5 Nb8 11.Ne1 O-O 12.Nd3 Na6 13.a3 Nc5 14.Nxc5 dxc5 15.Nb1 a4
16.Nc3 Bd7 17.Re1 Ne8 18.Bf1 Nd6 19.Bd3 g6 20.Qe2 Kg7 21.f3 b6 22.Rf1 f6
23.Rf2 g5 24.Kh1 Kh8 25.Rg1  1/2-1/2

[Event "PAN-chJ"]
[Site "Rancagua"]
[Date "1993.??.??"]
[Round "9"]
[White "Steinhoff, Igor Muramatsu"]
[Black "Vescovi, Giovanni"]
[Result "0-1"]
[WhiteElo "2230"]
[BlackElo "2340"]

1.d4 Nf6 2.Nf3 e6 3.c4 Bb4+ 4.Bd2 Qe7 5.g3 O-O 6.Bg2 Bxd2+ 7.Qxd2 d6 8.O-O e5
9.Nc3 Nc6 10.d5 Nb8 11.e4 a5 12.Ne1 Na6 13.Nd3 Nc5 14.f4 Nfd7 15.Nxc5 Nxc5
16.f5 f6 17.h4 Bd7 18.Bf3 Rfb8 19.Be2 g6 20.g4 gxf5 21.gxf5 Kh8 22.Kh2 Rg8
23.Rg1 Qf7 24.b3 Rad8 25.Qc2 Rg7 26.Qd2 Rdg8 27.Bf3 Qe8 28.Ne2 Bxf5 29.exf5 e4
30.Rxg7 Rxg7 31.Nf4 exf3 32.Qc3 Qe5 33.Qxe5 fxe5 34.Nh3 Rg2+ 35.Kh1 Ne4  0-1

[Event "ISD-FRA"]
[Site "Reykjavik"]
[Date "1993.??.??"]
[Round "10"]
[White "Dorfman, Josif D"]
[Black "Hjartarson, Johann"]
[Result "1/2-1/2"]
[WhiteElo "2580"]
[BlackElo "2625"]

1.d4 Nf6 2.c4 e6 3.Nf3 Bb4+ 4.Bd2 c5 5.e3 b6 6.Be2 Bb7 7.O-O O-O 8.Nc3 cxd4
9.Nxd4 Be7 10.Bf3 Qc8 11.Rc1 d6 12.Bxb7 Qxb7 13.Qf3 Qxf3 14.Nxf3 a6 15.Nd4 Rc8
16.b3 Nbd7 17.Rfd1 g6 18.Kf1 Nc5 19.Ke2 Nfe4 20.Nxe4 Nxe4 21.Be1 Rc5 22.f3 Nf6
23.Bb4 Rc7 24.Nc2 Ne8 25.e4 Rac8 26.Ne3 h5 27.g3 f5 28.Ba3 b5 29.cxb5 axb5
30.Rxc7 Rxc7 31.Bb4 Ra7 32.a3 fxe4 33.fxe4 Nf6 34.Kf3 Kf7 35.Bxd6 Bxd6 36.Rxd6 Rxa3
37.e5 Nd5 38.Nxd5 exd5 39.Rf6+ Kg7 40.Kf4 Rxb3 41.Kg5 Re3 42.Rxg6+ Kf7 43.Rf6+ Ke7
44.Kf4 Re2 45.Rd6 Rf2+  1/2-1/2

[Event "LAT-ch"]
[Site "Riga"]
[Date "1993.??.??"]
[Round "?"]
[White "Katishonok, Nikolaj"]
[Black "Fainveits, L."]
[Result "1-0"]
[WhiteElo "2265"]
[BlackElo "2245"]

1.Nf3 Nf6 2.c4 e6 3.d4 Bb4+ 4.Bd2 Qe7 5.g3 Nc6 6.Bg2 d5 7.O-O O-O 8.Bg5 dxc4
9.Ne5 Nb8 10.Nxc4 h6 11.Bc1 Qd8 12.Qb3 Na6 13.Rd1 Rb8 14.a3 Be7 15.Nc3 c6
16.Bf4 Ra8 17.Rac1 Nd5 18.Bd2 Nb6 19.Na5 Nd5 20.Nxb7 Qb6 21.Na5 Qxb3 22.Nxb3 Rb8
23.Na5 Bd7 24.b4 Rbc8 25.Na4  1-0

[Event "San Sebastian op"]
[Site "San Sebastian"]
[Date "1993.??.??"]
[Round "?"]
[White "Huzman, Alexander"]
[Black "Pastor Pons, Carlos"]
[Result "1-0"]
[WhiteElo "2510"]
[BlackElo "2320"]

1.d4 Nf6 2.Nf3 e6 3.c4 Bb4+ 4.Bd2 Bxd2+ 5.Qxd2 d6 6.g3 Qe7 7.Bg2 O-O 8.Nc3 e5
9.O-O Nc6 10.d5 Na5 11.b3 b6 12.e4 a6 13.Ne1 b5 14.Nc2 Bd7 15.Ne3 Rfb8 16.cxb5 axb5
17.b4 Nb7 18.Nf5 Bxf5 19.exf5 Nd8 20.a3 Ra6 21.Qd3 Rab6 22.Rac1 R8b7 23.Ne4 Nd7
24.Rc3 f6 25.Rfc1 Nb8 26.Qc2 Na6 27.Nd2 Rb8 28.Nb3 Qd7 29.Be4 Nb7 30.h4 Kh8
31.Kh2 Qf7 32.g4 Qe7 33.Rg1 Rg8 34.g5 Nd8 35.Na5 Rb8 36.Rcg3 Rc8 37.Qe2 c6
38.Qh5 Nc7 39.gxf6 Qxf6 40.Rg6 Qf7 41.f6 Ne8 42.Rxg7 Rxg7 43.fxg7+  1-0

[Event "Santiago"]
[Site "Santiago de Chile"]
[Date "1993.??.??"]
[Round "?"]
[White "Zapata, Marco"]
[Black "Bombardiere Rosas, Eduardo"]
[Result "0-1"]
[WhiteElo "2230"]
[BlackElo "2270"]

1.d4 Nf6 2.c4 e6 3.Nf3 Bb4+ 4.Bd2 a5 5.e3 d6 6.Bd3 Nbd7 7.Bxb4 axb4 8.Nbd2 Qe7
9.O-O e5 10.Qc2 b6 11.Rfe1 Bb7 12.dxe5 Nxe5 13.Nxe5 Qxe5 14.f4 Qc5 15.Ne4 Bxe4
16.Bxe4 Ra5 17.Qd3 O-O 18.Bf3 Re8 19.Kh1 h5 20.h3 h4 21.a3 bxa3 22.Rxa3 Rxa3
23.bxa3 g6 24.Re2 Nh5 25.Kh2 Ng3 26.Re1 Rxe3 27.Rxe3 Qxe3 28.Qxe3 Nf1+ 29.Kg1 Nxe3
30.Be2 Nc2 31.a4 Nd4 32.Bd3 Ne6 33.f5 Nc5  0-1

[Event "Santiago"]
[Site "Santiago de Chile"]
[Date "1993.??.??"]
[Round "?"]
[White "Araya, Ricardo"]
[Black "Bombardiere Rosas, Eduardo"]
[Result "1/2-1/2"]
[WhiteElo "2320"]
[BlackElo "2270"]

1.d4 Nf6 2.c4 e6 3.Nf3 Bb4+ 4.Bd2 Qe7 5.g3 O-O 6.Bg2 d5 7.Qc2 b6 8.cxd5 exd5
9.O-O Bxd2 10.Qxd2 Ba6 11.Re1 Ne4 12.Qc2 c5 13.Nc3 Nxc3 14.Qxc3 Nd7 15.Qa3 Bb7
16.Rac1 Qe6 17.dxc5 Nxc5 18.b4 Ne4 19.Rc7 Nd6 20.Nd4 Qf6 21.e3 Rfc8 22.Rec1 Rxc7
23.Rxc7 Rc8 24.Rxc8+ Nxc8 25.Qc3 Qd8 26.Nf5 f6 27.a3 Ne7 28.Qd3 Nxf5 29.Qxf5 Qd6
30.Qd3 Qe5 31.h4 h6 32.Bf3 Kf8 33.Kg2 f5 34.h5 Ke7 35.a4 Kf6 36.a5 bxa5 37.Qb5 Qc7
38.bxa5 Bc6 39.Qc5 Qd7 40.Kh2 Kf7 41.Be2 Ba8 42.a6 Bc6 43.Kg1 Ba4 44.Bd3 Ke6
45.Qf8 Qf7 46.Qc8+ Qd7 47.Qb7 Bc6 48.Qb1 Kf6 49.Qb2+ Kf7 50.Qe5 Qe6 51.Qd4 Qd7
52.Kh2 Ke6 53.f4 Kf7 54.Qe5 Qe6 55.Bxf5 Qxe5 56.fxe5 Ke7 57.g4 Bb5 58.Bc8 Be8
59.Kg3 g5 60.hxg6 Bxg6 61.Kf4 Bd3 62.Kf3 Bb5  1/2-1/2

[Event "Santiago ARAIS tt"]
[Site "Santiago"]
[Date "1993.??.??"]
[Round "4"]
[White "Araya, Ricardo"]
[Black "Silva, Sebastain"]
[Result "0-1"]
[WhiteElo "2320"]
[BlackElo "2350"]

1.d4 Nf6 2.Nf3 e6 3.c4 Bb4+ 4.Bd2 c5 5.Bxb4 cxb4 6.g3 O-O 7.Bg2 d6 8.Nbd2 Nc6
9.Nf1 e5 10.Ne3 Qb6 11.dxe5 dxe5 12.Nd5 Nxd5 13.cxd5 Rd8 14.O-O e4 15.Ng5 f5
16.d6 Nd4 17.e3 Ne6 18.Qd5 Qc5 19.Qxc5 Nxc5 20.Rfd1 h6 21.Nh3 g5 22.Rd4 a5
23.Rc1 b6 24.f3 exf3 25.Bxf3 Ra7 26.Nf2 Be6 27.b3 a4 28.Rxb4 axb3 29.axb3 Rxd6
30.Rc3 Ra1+ 31.Kg2 g4 32.Be2 Rd2 33.Rxb6 Bd5+ 34.e4 Bxe4+ 35.Nxe4 Rxe2+ 36.Nf2 Rxf2+
37.Kxf2 Ne4+ 38.Ke3 Nxc3 39.Rxh6 Kg7 40.Rc6 Nd5+ 41.Kd4 Ne7 42.Rc2 Rb1 43.Kc4 Kf6
44.b4 Nc6 45.Rd2 Nxb4 46.Rd6+ Ke5 47.Rd8 Nc6 48.Re8+ Kd6 49.Rh8 Ne5+ 50.Kd4 Rb4+
51.Ke3 Rb3+ 52.Kd4 Rd3+  0-1

[Event "SLO-ch"]
[Site "?"]
[Date "1993.??.??"]
[Round "?"]
[White "Tratar, Marko"]
[Black "Gostisa, Leon"]
[Result "1/2-1/2"]
[WhiteElo "2290"]
[BlackElo "2470"]

1.d4 Nf6 2.Nf3 e6 3.c4 Bb4+ 4.Bd2 c5 5.Bxb4 cxb4 6.g3 O-O 7.Bg2 d6 8.Nbd2 Re8
9.Nf1 a5 10.Ne3 b6 11.O-O Bb7 12.a3 Na6 13.Qb3 Qc7 14.Rac1 Rac8 15.Rfd1 h6
16.Bh3 Rb8 17.Ne1 Bc6 18.axb4 Nxb4 19.d5 Bd7 20.dxe6 Bxe6 21.Bxe6 fxe6 22.N1c2 Na6
23.Nd4 Nc5 24.Qc2 Rbd8 25.b4 axb4 26.Rb1 d5 27.Rxb4 dxc4 28.Qxc4 Kh8 29.Rdb1 Rb8
30.Nb3 Rbc8 31.Nxc5 bxc5 32.Rb7 Qd6 33.Ng4 Nxg4 34.Qxg4 Qd4 35.Qxd4 cxd4
36.Rd7 Rcd8 37.Rbb7 Rxd7 38.Rxd7 e5 39.Kg2 Kh7 40.f3 Kg6  1/2-1/2

[Event "SLO-chT"]
[Site "?"]
[Date "1993.??.??"]
[Round "?"]
[White "Kljako, Damir"]
[Black "Gostisa, Leon"]
[Result "0-1"]
[WhiteElo "2295"]
[BlackElo "2470"]

1.d4 Nf6 2.c4 e6 3.Nf3 Bb4+ 4.Bd2 c5 5.Bxb4 cxb4 6.Nbd2 O-O 7.g3 d6 8.Bg2 Nc6
9.O-O Re8 10.h3 Bd7 11.Re1 e5 12.d5 Nb8 13.Ng5 Na6 14.Nge4 Nxe4 15.Nxe4 Bf5
16.Nd2 Rc8 17.e4 Bd7 18.a3 Qb6 19.axb4 Nxb4 20.Qb3 a5 21.Qc3 Qc7 22.Bf1 b6
23.Kg2 f5 24.Be2 Rf8 25.exf5 Bxf5 26.Bg4 Nc2 27.Bxf5 Nxe1+ 28.Rxe1 Rxf5 29.b3 Qd7
30.Qd3 b5 31.cxb5 Rb8 32.Nc4 Rbf8 33.Re2 Qxb5 34.Qd2 a4 35.Nxd6 Qxe2 36.Qxe2 Rxf2+
37.Qxf2 Rxf2+ 38.Kxf2 a3 39.Nb7 a2  0-1

[Event "Sochi"]
[Site "Sochi"]
[Date "1993.??.??"]
[Round "?"]
[White "Pushkov, Nikolai"]
[Black "Obukhov, Alexander"]
[Result "1/2-1/2"]
[WhiteElo "2485"]
[BlackElo "2490"]

1.d4 Nf6 2.Nf3 e6 3.c4 Bb4+ 4.Bd2 c5 5.Bxb4 cxb4 6.g3 O-O 7.Bg2 d6 8.O-O Re8
9.a3 bxa3 10.Rxa3 Qc7 11.b3 a5 12.Nc3 Bd7 13.Qd2 Na6 14.e4 Bc6 15.e5 dxe5
16.Nxe5 Bxg2 17.Nb5 Qe7 18.Kxg2 b6 19.Raa1 Qb7+ 20.Kg1 Red8 21.Rfd1 Nb4 22.Qe2 Qe4
23.Qxe4 Nxe4 24.f3 Nd6 25.Nxd6 Rxd6 26.c5 bxc5 27.dxc5 Rxd1+ 28.Rxd1 f6 29.Nc4 Rc8
30.Nxa5 Rxc5 31.Rd8+ Kf7 32.Nc4 e5 33.Rd7+ Kg6 34.Kf2 Nc2 35.g4 Nd4 36.h4 h5
37.gxh5+ Kxh5 38.Rxg7 Nxb3 39.Ne3 Nd4 40.Rh7+ Kg6 41.Rd7 Ra5 42.f4 Ra2+ 43.Kf1 exf4
44.Rxd4 fxe3 45.Re4 Kh5 46.Rxe3 Kxh4 47.Rb3 f5 48.Rc3 Kg4 49.Rb3 f4 50.Rc3 f3
51.Rc8  1/2-1/2

[Event "St Ingbert op"]
[Site "St Ingbert"]
[Date "1993.??.??"]
[Round "3"]
[White "Bischoff, Klaus"]
[Black "Spiegel, Stefan"]
[Result "1-0"]
[WhiteElo "2515"]
[BlackElo "2265"]

1.d4 Nf6 2.c4 e6 3.Nf3 Bb4+ 4.Bd2 Qe7 5.g3 Nc6 6.Nc3 Bxc3 7.Bxc3 Ne4 8.Rc1 d6
9.d5 Nxc3 10.Rxc3 Nb8 11.dxe6 Bxe6 12.Nd4 O-O 13.Bg2 c6 14.O-O Nd7 15.Re3 Ne5
16.Nxe6 Qxe6 17.b3 Qf6 18.Qd2 Rad8 19.Rd1 Ng4 20.Rf3 Qe5 21.h3 Nf6 22.Re3 Qc5
23.Rd3 Rfe8 24.e3 Re6 25.Rd4 a5 26.h4 Ne8 27.Qb2 Rb8 28.Qc1 Rd8 29.a3 Rb8
30.Qa1 Rd8 31.Qb2 Qe5 32.Qd2 Ra8 33.Rf4 Qc5 34.Bh3 Re7 35.Qb2 Qe5 36.Qc1 Rd8
37.Rf5 Qe6 38.Kh2 a4 39.b4 Qe4 40.Rd4 Qe6 41.Ra5 Qf6 42.Rf4 Qh6 43.Qd1 d5
44.cxd5 b6 45.Rxa4 Rxd5 46.Rd4 Qf6 47.Kg2 Rxd4 48.Qxd4 Qxd4 49.exd4 Nc7 50.Ra7 Kf8
51.a4 Nd5 52.Bd7 g6 53.Ra8+ Kg7 54.Bxc6 Nxb4 55.Bb5 Re4 56.Rb8 Nd5 57.Bc6 Rxd4
58.Bxd5 Rxd5 59.Rxb6 Rd2 60.a5 Ra2 61.a6 h5 62.Rc6 Kg8 63.Kf3 Kg7 64.Ke3 Ra3+
65.Kd4 Rf3 66.a7 Ra3 67.Rc7 Kf6 68.Kc5  1-0

[Event "St Martin op"]
[Site "St Martin"]
[Date "1993.??.??"]
[Round "3"]
[White "Vucic, Mladen"]
[Black "Petursson, Margeir"]
[Result "1/2-1/2"]
[WhiteElo "2385"]
[BlackElo "2560"]

1.d4 Nf6 2.Nf3 e6 3.c4 Bb4+ 4.Bd2 c5 5.Bxb4 cxb4 6.g3 O-O 7.Bg2 d6 8.a3 bxa3
9.Rxa3 Nc6 10.O-O Bd7 11.Nc3 Qe7 12.Ra1 a5 13.b3 b6 14.Qd2 Rac8 15.Rfc1 h6
16.e3 Nb4 17.Ne1 Rc7 18.Nc2 d5 19.Na3 dxc4 20.bxc4 Rfc8 21.h3 Ne8 22.c5 bxc5
23.Ncb5 Bxb5 24.Nxb5 Rd7 25.Rxa5 Rb8 26.Rca1 cxd4 27.exd4 Nf6 28.Ra8 Rxa8
29.Rxa8+ Kh7 30.Qf4 Rd8 31.Ra7 Rd7 32.Ra8 Rd8 33.Ra7  1/2-1/2